00874nam a2200181 a 4500001000400000003000900004008004100013040002800054082001700082100002400099245007900123250000700202260004500209300001500254500003800269505036100307650002400668883CO-ViMGA141112s2004 ck r 000 u spa d aCO-ViMGAbspacCO-ViMGA04aR616.15 M2361 aMcDonald, George A.10aAtlas de hematología / cMcDonald George A , J Paul , Cruickshank Bruce  a5a aMadrid : bMedica PanAméricana, c1995 a277 p : il acontiene esquema de maduracion.  aDesarrollo de las celulas sanguíneas 5 - - Valores hematológicos normales 13 - - Serie eritrocítica 17 - - Serie leucocítica 73 - - Serie megacariocítica 175 - - Microscopia de contraste de fase 193 - - Parásitos sanguíneos 211 - - Tumores de tejido linfoide y otras neoplasias 225 - - Ceelulas no hemopoyéticas y otras anoromalidades 259 14aHEMATOLOGIA - ATLAS